Základy mzdovej politiky na Slovensku
Guardado en:
| Formato: | Libro |
|---|---|
| Lenguaje: | eslovaco |
| Publicado: |
Bratislava
Práca
1949
|
| Etiquetas: |
Sin Etiquetas, Sea el primero en etiquetar este registro!
|
MARC
| LEADER | 00000nam a2200000 4500 | ||
|---|---|---|---|
| 001 | 0308554 | ||
| 005 | 20250513111117.1 | ||
| 041 | 0 | |a slo | |
| 044 | |a SK | ||
| 245 | 1 | 0 | |a Základy mzdovej politiky na Slovensku |c Viktor Bušša |
| 264 | 1 | |a Bratislava |b Práca |c 1949 | |